000 00735nam a2200181 a 4500
001 000043836
005 20201002045010.0
008 140506s2005 sp ac 000 0 spa d
020 _a8460934187
040 _aDO-SdBNP
_bspa
_cBNPHU
100 1 _aSanchidrián Gallego, Jesús María José
_969854
245 1 0 _aÁvila Dibujada :
_bla ciudad ilustrada en el siglo XIX /Jesús Ma. J. Sanchidrián Gallego ; textos preliminares, Ángel Barrios... [et al.].
260 _aÁvila :
_bAyuntamiento de Ávila, Área de Urbanismo,
_c2005.
300 _a175 p. :
_bil., retrs. ;
_c30 cm.
504 _aBibliografía : p. 159-161
504 _aIncluye referencias bibliográficas y notas al pie de las páginas
700 1 2 _aBarrio, Ángel
_971701
999 _c43325
_d43325